000 00625nam a2200205 a 4500
001 67646
003 BD-RjUL
005 20211209081658.0
008 770815r1964 enkab 000 0 eng
035 _a(BD-RjUL)67855
040 _aDLC
_cTNJ
_dNcRS
_dUk
_dDLC
_dBD-RjUL
_beng
041 _aeng
082 _223
_a551.31
_bGRP 1964
100 1 _aGresswell, R. Kay.
_9200567
245 1 4 _aThe physical geography of glaciers and glaciation /
_cR Kay Gresswell
260 _aLondon :
_bHulton Educational Publications,
_c1958 [reprint 1964]
300 _a128 p. :
_bill. ;
_c22 cm.
650 0 _aGlaciology
_9200568
942 _2ddc
_cBK
999 _c67646
_d67646